An introduction to human movement and biomechanics / (Record no. 30777)
[ view plain ]
| 000 -LEADER | |
|---|---|
| fixed length control field | 01706cam a2200397 i 4500 |
| 001 - CONTROL NUMBER | |
| control field | 23415524 |
| 003 - CONTROL NUMBER IDENTIFIER | |
| control field | EG-ScBUE |
| 005 - DATE AND TIME OF LATEST TRANSACTION | |
| control field | 20240613093041.0 |
| 008 - FIXED-LENGTH DATA ELEMENTS--GENERAL INFORMATION | |
| fixed length control field | 231207t2019 stka f b 001 0 eng d |
| 020 ## - INTERNATIONAL STANDARD BOOK NUMBER | |
| International Standard Book Number | 9780702062360 |
| 040 ## - CATALOGING SOURCE | |
| Original cataloging agency | DLC |
| Language of cataloging | eng |
| Description conventions | rda |
| Transcribing agency | DLC |
| Modifying agency | EG-ScBUE |
| 082 04 - DEWEY DECIMAL CLASSIFICATION NUMBER | |
| Edition number | 22 |
| Classification number | 612.76 |
| Item number | INT |
| 130 0# - MAIN ENTRY--UNIFORM TITLE | |
| Uniform title | Human movement. |
| 245 03 - TITLE STATEMENT | |
| Title | An introduction to human movement and biomechanics / |
| Statement of responsibility, etc | edited by Andy Kerr, PhD, MSC, MCSP, Lecturer, Biomedical Engineering, University of Strathclyde, Glasgow, UK and Philip Rowe, PhD, Professor of Rehabilitation Science, Biomedical Engineering, University of Strathclyde, Glasgow, UK. |
| 250 ## - EDITION STATEMENT | |
| Edition statement | Seventh edition. |
| 264 #1 - PUBLICATION, DISTRIBUTION, ETC. (IMPRINT) | |
| Place of publication, distribution, etc | Edinburgh ; |
| -- | New York : |
| Name of publisher, distributor, etc | Elsevier, |
| Date of publication, distribution, etc | [2019] |
| 264 #4 - PUBLICATION, DISTRIBUTION, ETC. (IMPRINT) | |
| Date of publication, distribution, etc | c2019 |
| 300 ## - PHYSICAL DESCRIPTION | |
| Extent | xvi, 352 pages : |
| Other physical details | illustrations (some color) ; |
| Dimensions | 24 cm. |
| 336 ## - CONTENT TYPE | |
| Content type term | text |
| Content type code | txt |
| Source | rdacontent |
| 337 ## - MEDIA TYPE | |
| Media type term | unmediated |
| Media type code | n |
| Source | rdamedia |
| 338 ## - CARRIER TYPE | |
| Carrier type term | volume |
| Carrier type code | nc |
| Source | rdacarrier |
| 490 0# - SERIES STATEMENT | |
| Series statement | Physiotherapy essentials |
| 500 ## - GENERAL NOTE | |
| General note | Preceded by: Preceded by Human movement / edited by Tony Everett and Clare Kell. 6th ed. 2010. |
| 500 ## - GENERAL NOTE | |
| General note | "First edition 1981. Second edition 1987. Third edition 1997. Fourth edition 2001. Fifth edition 2005. Sixth edition 2011"-- title page verso. |
| 500 ## - GENERAL NOTE | |
| General note | Includes Appendices.<br/> |
| 504 ## - BIBLIOGRAPHY, ETC. NOTE | |
| Bibliography, etc | Includes bibliographical references and index.<br/> |
| 650 #7 - SUBJECT ADDED ENTRY--TOPICAL TERM | |
| Topical term or geographic name as entry element | Human mechanics. |
| Source of heading or term | BUEsh |
| 650 #7 - SUBJECT ADDED ENTRY--TOPICAL TERM | |
| Topical term or geographic name as entry element | Human locomotion. |
| Source of heading or term | BUEsh |
| 653 ## - INDEX TERM--UNCONTROLLED | |
| Arrived date list | June2024 |
| Resource For college | Physical Therapy |
| 655 ## - INDEX TERM--GENRE/FORM | |
| Form subdivision | Reading book |
| 700 1# - ADDED ENTRY--PERSONAL NAME | |
| Personal name | Kerr, Andrew, |
| Titles and other words associated with a name | Ph. D., |
| Relator term | editor. |
| 700 1# - ADDED ENTRY--PERSONAL NAME | |
| Personal name | Rowe, Philip J., |
| Relator term | editor. |
| 906 ## - LOCAL DATA ELEMENT F, LDF (RLIN) | |
| a | 7 |
| b | cbc |
| c | orignew |
| d | 2 |
| e | ncip |
| f | 20 |
| g | y-gencatlg |
| 942 ## - ADDED ENTRY ELEMENTS (KOHA) | |
| Source of classification or shelving scheme | Dewey Decimal Classification |
| Koha item type | Book - Borrowing |
| Withdrawn status | Lost status | Source of classification or shelving scheme | Damaged status | Not for loan | Collection code | Home library | Current library | Shelving location | Date acquired | Source of acquisition | Cost, normal purchase price | Serial Enumeration / chronology | Total Checkouts | Total Renewals | Full call number | Barcode | Checked out | Date last seen | Date checked out | Cost, replacement price | Price effective from | Koha item type |
|---|---|---|---|---|---|---|---|---|---|---|---|---|---|---|---|---|---|---|---|---|---|---|
| Dewey Decimal Classification | Baccah | Central Library | Central Library | First floor | 13/06/2024 | Purchase | 2984.00 | 38282 | 1 | 2 | 612.76 INT | 000057132 | 15/05/2025 | 14/04/2025 | 14/04/2025 | 3730.00 | 13/06/2024 | Book - Borrowing | ||||
| Dewey Decimal Classification | Baccah | Central Library | Central Library | First floor | 13/05/2025 | Purchase | 2984.00 | 39224 | 612.76 INT | 000057352 | 15/07/2025 | 3730.00 | 13/05/2025 | Book - Borrowing | ||||||||
| Dewey Decimal Classification | Baccah | Central Library | Central Library | First floor | 13/05/2025 | Purchase | 2984.00 | 39224 | 612.76 INT | 000057353 | 15/07/2025 | 3730.00 | 13/05/2025 | Book - Borrowing |